000 00311 a2200157 4500
001 62318
020 _a9788501084576
040 _cAnchieta - Pituba
100 _aWalden,Mark
240 1 0 _aC.O.V.A
_lpor
245 1 0 _aC.O.V.A
300 _a251
362 0 _a2009
650 4 _aFicção inglesa
942 _cBK
999 _c62318
_d62318